000 01755nam1a2200349 4500
001 RU\NLR\bibl\404193
005 20260316152158.0
035 _a(NLR Aleph) 000398327
090 _a559115
_c559115
100 _a20260322 rusy50
101 0 _arus
102 _aRU
105 _a||||j |||||
200 1 _aФизическое материаловедение
_eУчеб. пособие для студентов вузов
_fБ.А. Калин, М.И. Солонин, В.В. Осипов
_gМ-во образования Рос. Федерации, М-во по атом. энергии Рос. Федерации, Моск. инж.-физ. ин-т (гос. ун-т). [Фак. физики и экономики высоких технологий]
210 _aМ.
_cМИФИ
_d2002
215 _d20
463 0 _1001398474
463 0 _1001801352
463 0 _10011067514
606 0 _aМатериалы
_xФизико-механические свойства
_jРуководства, пособия и т.п. для высшей школы
_2nlr-sh1
_3RU\NLR\auth\66658116
606 0 _aМатериалы
_xФизико-механические свойства
_jУчебные издания для высшей школы
_2nlr-sh2
_3RU\NLR\auth\66658116
686 _aЖ306.2я73-1
700 1 _aКалин
_bБ. А.
_f1935-2021
_gБорис Александрович
_3RU\NLR\AUTH\7730559
_4070
701 1 _aСолонин
_bМ. И.
_gМихаил Иванович
_4070
701 1 _aОсипов
_bВ. В.
_gВасилий Владиславович
_4070
801 0 _aRU
_bNLR
_c20030530
_gPSBO
801 1 _aRU
_bNLR
_c20030530
852 _aNLR
_j2003-3/11981
942 _cBOOK
980 _aNB